EXAMINATION OF ORTHOPEDIC AND ATHLETIC INJURIES (Record no. 8385)

MARC details
000 -LEADER
fixed length control field 00471nam a22001697a 4500
005 - DATE AND TIME OF LATEST TRANSACTION
control field 20230821105947.0
008 - FIXED-LENGTH DATA ELEMENTS--GENERAL INFORMATION
fixed length control field 230818b |||||||| |||| 00| 0 eng d
020 ## - INTERNATIONAL STANDARD BOOK NUMBER
ISBN 978-93-5025-351-9
041 ## - LANGUAGE CODE
Language code of text/sound track or separate title eng
082 ## - DEWEY DECIMAL CLASSIFICATION NUMBER
Classification number 617.1 STA-E
100 ## - MAIN ENTRY--AUTHOR NAME
Personal name STARKEY, CHAD AND BROWN, SARA D; &RYAN, JEFFREY L.
245 ## - TITLE STATEMENT
Title EXAMINATION OF ORTHOPEDIC AND ATHLETIC INJURIES
260 ## - PUBLICATION, DISTRIBUTION, ETC. (IMPRINT)
Place of publication PHILADELPHIA
Name of publisher F. A. DAVIS
Year of publication 2011
300 ## - PHYSICAL DESCRIPTION
Number of Pages 3RD ED.
650 ## - SUBJECT ADDED ENTRY--TOPICAL TERM
Topical Term BPT
942 ## - ADDED ENTRY ELEMENTS (KOHA)
Koha item type Books
Holdings
Lost status Damaged status Collection code Home library Current library Shelving location Date acquired Source of acquisition Cost, normal purchase price Full call number Accession Number Koha item type
    Reference JRU Library JRU Library SHELF- 8 - C 05/08/2023 PURCHASE 9050.80 617.1 27883 Books